<?xml version="1.0" encoding="UTF-8"?>
<record
    xmlns:xsi="http://www.w3.org/2001/XMLSchema-instance"
    xsi:schemaLocation="http://www.loc.gov/MARC21/slim http://www.loc.gov/standards/marcxml/schema/MARC21slim.xsd"
    xmlns="http://www.loc.gov/MARC21/slim">

  <leader>00541nam a22001577a 4500</leader>
  <controlfield tag="003">OSt</controlfield>
  <controlfield tag="005">20211126150709.0</controlfield>
  <controlfield tag="008">211126b           ||||| |||| 00| 0 eng d</controlfield>
  <datafield tag="040" ind1=" " ind2=" ">
    <subfield code="c">AIMIT LIBRARY</subfield>
  </datafield>
  <datafield tag="082" ind1=" " ind2=" ">
    <subfield code="a">658.827 SAWM</subfield>
  </datafield>
  <datafield tag="100" ind1=" " ind2=" ">
    <subfield code="a">Sawhney, Mohanbir; Biyani, Rajesh; Baid, Pooja.</subfield>
    <subfield code="e">Author</subfield>
    <subfield code="q">Mohanbir Sawhney; Rajesh Biyani; Baid Pooja.</subfield>
    <subfield code="9">10920</subfield>
  </datafield>
  <datafield tag="245" ind1=" " ind2=" ">
    <subfield code="a">33rd National Management Convention: connecting across generations:creating Indian brands.</subfield>
  </datafield>
  <datafield tag="260" ind1=" " ind2=" ">
    <subfield code="a">New Delhi</subfield>
    <subfield code="b">Excel Multimedia</subfield>
    <subfield code="c">2006</subfield>
  </datafield>
  <datafield tag="600" ind1=" " ind2=" ">
    <subfield code="2">AIMA</subfield>
  </datafield>
  <datafield tag="942" ind1=" " ind2=" ">
    <subfield code="2">ddc</subfield>
    <subfield code="c">CD</subfield>
  </datafield>
  <datafield tag="999" ind1=" " ind2=" ">
    <subfield code="c">220810</subfield>
    <subfield code="d">220810</subfield>
  </datafield>
  <datafield tag="952" ind1=" " ind2=" ">
    <subfield code="0">0</subfield>
    <subfield code="1">0</subfield>
    <subfield code="2">ddc</subfield>
    <subfield code="4">0</subfield>
    <subfield code="7">1</subfield>
    <subfield code="8">MBA</subfield>
    <subfield code="a">AIMIT</subfield>
    <subfield code="b">AIMIT</subfield>
    <subfield code="d">2021-11-26</subfield>
    <subfield code="g">499.00</subfield>
    <subfield code="i">1197/3-3-2010</subfield>
    <subfield code="l">0</subfield>
    <subfield code="o">658.827 SAWM</subfield>
    <subfield code="p">DVD00050</subfield>
    <subfield code="r">2021-11-26 00:00:00</subfield>
    <subfield code="v">359.28</subfield>
    <subfield code="w">2021-11-26</subfield>
    <subfield code="y">CD</subfield>
  </datafield>
</record>
